000 00886nam a2200265 a 4500
001 13281
003 BD-JhCC
005 20230808102425.0
008 230726s 2021bg a|||| ||a| 000 0 ben d
020 _a9789843495372
035 _a(BD-JhCC)13281
040 _aBD-JhCC
_dBD-JhCC
041 _abengali
082 _a398.20956
_bBIL 2021
100 _aবিল্লাহ, মোছতানছের
245 _aসেদিন রাতে /
_cমোছতানছের বিল্লাহ, সম্পা: মাসুম খান জাহান।
260 _aঢাকা :
_bচড়ুই পাবলিকেশন;
_c2021.
300 _a20 p. :
_c17 cm.
490 _aLevel-3
504 _aIncludes Bibliography.
650 _aJuvenile Literature
650 _aIslamic story
700 _aজাহান, মাসুম খান
942 _2ddc
_cBK
999 _c13281
_d13281